| 000 | 01185nam a22003017a 4500 | ||
|---|---|---|---|
| 001 | 74613 | ||
| 003 | BD-RjUL | ||
| 005 | 20211209082559.0 | ||
| 008 | 181101s2017 ||||| b||| 00| 0 eng d | ||
| 020 | _a9788183214155 (Vol. 1) | ||
| 020 | _a9788183214100 (Vol. 2) | ||
| 035 | _a(BD-RjUL)74831 | ||
| 040 |
_aBD-RjUL _beng _cBD-RjUL |
||
| 041 | _aeng | ||
| 082 |
_223 _a630 _bMAA 2017 |
||
| 100 |
_aMaliwal, P.L. _9224644 |
||
| 245 |
_aAgronomy at a glance / _cP.L. Maliwal & S.L. Mundra. |
||
| 250 | _a4th ed. | ||
| 260 |
_aUdaipur, India : _bAgrotech Publishing Academy, _c2016-2017. |
||
| 300 |
_a2 volumes ; _c 22 cm |
||
| 500 | _aThe book offers a comprehensive and coherent account of entire fields of Agronomy comprising Agro-meteorology, soil management, tillage, crop management, nutrient management, water management, dryland agriculture, crop physiology, weed management and agroforestry. | ||
| 504 | _aIncludes bibliographical references. | ||
| 505 | 0 | _aVol.01. Basic and applied fundamentals -- Vol.02. Objective fundamentals. | |
| 650 |
_aAgronomy. _9224645 |
||
| 650 |
_aNutrient management. _9224646 |
||
| 700 |
_aMundra, S.L. _9224647 |
||
| 942 |
_2ddc _cBK |
||
| 999 |
_c74613 _d74613 |
||